000 01073cam a2200301 a 4500
999 _c9477
_d9477
001 3977316
003 GBCCL
005 20241126110712.0
008 950127s1995 txu 001 0 eng
010 _a 95002380
020 _a0849950988 (bonded leather)
020 _a0849950619 (hardcover)
040 _aDLC
_cDLC
_dDLC
050 0 0 _aBS195
_b.N353 1995
082 0 0 _a220.5208
_220
_bBIB
130 0 _aBible.
_lEnglish.
_sNew Century.
_f1995.
_916515
245 1 4 _aThe inspirational study Bible :
_blife lessons from the inspired word of God /
_cMax Lucado, general editor.
260 _aDallas :
_bWord Bibles,
_cc1995.
300 _axiii, 1518 p. ;
_c25 cm.
500 _a"The everyday Bible."
500 _a"New Century Version."
500 _aIncludes index.
700 1 _aLucado, Max.
_92796
856 4 2 _3Publisher description
_uhttp://www.loc.gov/catdir/enhancements/fy0609/95002380-d.html
906 _a7
_bcbc
_corignew
_d1
_eocip
_f19
_gy-gencatlg
942 _2ddc
_cREF